000 00703nam a2200265Ia 4500
008 160803s9999 xx 000 0 und d
020 _a0 967174805
100 _aSams II , Carl R.
245 _aStranger in the woods :
245 _ba photographic fantasy /
245 _cCarl R. Sams II & Jean Stoick.
260 _aNew York :
260 _bScholastic Inc.
260 _c2000
300 _a1 volume (unpaged) :
300 _bcolor illustrations ;
300 _c24 x 25 cm
650 _aForest animals --
650 _aForest birds --
650 _aSnowmen --
650 _xJuvenile fiction.
650 _xJuvenile fiction.
650 _xJuvenile fiction.
700 _a180
999 _c299147
_d299147